| 000 | 00492nam a2200181Ia 4500 | ||
|---|---|---|---|
| 005 | 20250326142229.0 | ||
| 008 | 250326s9999 xx 000 0 und d | ||
| 037 | _aTextbook | ||
| 040 |
_aFMSL _beng _cFMSL |
||
| 041 |
_aeng _2eng |
||
| 084 | _qFMSL | ||
| 100 | _aVirendra Kumar | ||
| 245 | 0 |
_aCommitties and commission in India 1955-57 _cVirendra Kumar |
|
| 260 |
_aNew Delhi _bNew Delhi, D K Publishing House _c1975 |
||
| 300 | _a451p | ||
| 942 | _cTB | ||
| 999 |
_c1294042 _d1294042 |
||